<?xml version="1.0" encoding="UTF-8"?>
<record
    xmlns:xsi="http://www.w3.org/2001/XMLSchema-instance"
    xsi:schemaLocation="http://www.loc.gov/MARC21/slim http://www.loc.gov/standards/marcxml/schema/MARC21slim.xsd"
    xmlns="http://www.loc.gov/MARC21/slim">

  <leader>01377nam a2200241 i 4500</leader>
  <controlfield tag="001">7005</controlfield>
  <controlfield tag="003">ES-MaACL</controlfield>
  <controlfield tag="005">20230906145135.0</controlfield>
  <controlfield tag="007">t|</controlfield>
  <controlfield tag="008">900720m19902002sp           |||| | spa d</controlfield>
  <datafield tag="020" ind1=" " ind2=" ">
    <subfield code="a">84-7423-435-2</subfield>
  </datafield>
  <datafield tag="080" ind1=" " ind2=" ">
    <subfield code="a">9(8.03)"14/19"</subfield>
  </datafield>
  <datafield tag="245" ind1="0" ind2="0">
    <subfield code="a">Historia de Am&#xE9;rica Latina / </subfield>
    <subfield code="c">Leslie Bethell, ed.</subfield>
  </datafield>
  <datafield tag="260" ind1=" " ind2=" ">
    <subfield code="a">Barcelona : </subfield>
    <subfield code="b">Critica, </subfield>
    <subfield code="c">1990-2002.</subfield>
  </datafield>
  <datafield tag="300" ind1=" " ind2=" ">
    <subfield code="a">16 v. ; </subfield>
    <subfield code="c">24 cm.</subfield>
  </datafield>
  <datafield tag="490" ind1="1" ind2=" ">
    <subfield code="a">Serie mayor</subfield>
  </datafield>
  <datafield tag="505" ind1="8" ind2=" ">
    <subfield code="a">Contiene: 1. Am&#xE9;rica Latina colonial: la Am&#xE9;rica precolombina y la conquista - 2. Am&#xE9;rica Latina colonial: Europa y Am&#xE9;rica en los siglos XVI, XVII, XVIII - 3. Am&#xE9;rica Latina colonial: econom&#xED;a - 4. Am&#xE9;rica Latina colonial: poblaci&#xF3;n, sociedad y cultura - 5. La independencia - 6. Am&#xE9;rica Latina independiente, 1820-1870 - 7. Am&#xE9;rica Latina: econom&#xED;a y sociedad, c. 1870-1930 - 8. Am&#xE9;rica Latina: cultura y sociedad, 1830-1930 - 9. Am&#xE9;rica Central y el Caribe, c. 1870-1930 - 10. Am&#xE9;rica del Sur, c. 1870-1930 - 11. Econom&#xED;a y sociedad desde 1930 - 12. Pol&#xED;tica y sociedad desde 1930 - 13. M&#xE9;xico y el Caribe desde 1930 - 14. Am&#xE9;rica Central desde 1930 - 15. El Cono sur desde 1930 - 16. Los pa&#xED;ses andinos desde 1930</subfield>
  </datafield>
  <datafield tag="651" ind1=" " ind2="4">
    <subfield code="a">Am&#xE9;rica Latina-</subfield>
    <subfield code="x">Historia.</subfield>
    <subfield code="9">7747</subfield>
  </datafield>
  <datafield tag="700" ind1="1" ind2=" ">
    <subfield code="a">Bethell, Leslie.</subfield>
    <subfield code="9">28659</subfield>
  </datafield>
  <datafield tag="830" ind1="1" ind2=" ">
    <subfield code="a">Serie mayor</subfield>
    <subfield code="9">177793</subfield>
  </datafield>
  <datafield tag="852" ind1=" " ind2=" ">
    <subfield code="a">ES-MaACL</subfield>
    <subfield code="j">L-28670-85</subfield>
  </datafield>
  <datafield tag="999" ind1=" " ind2=" ">
    <subfield code="c">7005</subfield>
    <subfield code="d">7005</subfield>
  </datafield>
  <datafield tag="952" ind1=" " ind2=" ">
    <subfield code="0">0</subfield>
    <subfield code="1">0</subfield>
    <subfield code="4">0</subfield>
    <subfield code="7">0</subfield>
    <subfield code="a">ATENEOM</subfield>
    <subfield code="b">ATENEOM</subfield>
    <subfield code="c">DEPO2</subfield>
    <subfield code="d">2008-01-17</subfield>
    <subfield code="e">SC</subfield>
    <subfield code="l">0</subfield>
    <subfield code="o">L-28670-85</subfield>
    <subfield code="p">1007142</subfield>
    <subfield code="r">2023-02-23 00:00:00</subfield>
    <subfield code="w">2023-02-23</subfield>
    <subfield code="y">MONOGRAFIA</subfield>
  </datafield>
</record>
